000 00832nam a22003017a 4500
001 BR2015001753
003 BR-BrBNA
005 20230928104605.0
007 ta
008 230509b bl.||||| |||| 00| 0 por d
040 _aBR-BrBNA
_bpor
_cBiblioteca Nacional de Agricultura
041 _a(Por)
072 _aE10; E14
090 _ E10 BR2015001753
100 1 _aBarreto, P.
100 1 _aSilva, D.S. da
245 1 _aComo desenvolver a economia rural sem desmatar a Amazônia?
260 3 _aBelém, PA (Brasil):
_c2013.
300 _a56 p.
500 _aBibliography p. 52-56; 24 illus.; 3 tables
650 _aAMAZÔNIA
650 _aDESMATAMENTO
650 _aPOLÍTICAS PÚBLICAS
650 _aCRESCIMENTO ECONÔMICO
650 _aECONOMIA AGRÍCOLA
909 _a202309
_bLucia
_c55
_dLucia Elande
942 _cBK
999 _c80732
_d80732